Paesi dai...cartelli stradali - Statistics

Statistiche generali
  • Questo quiz è stato fatto 343 volte
  • Il punteggio medio è 10 su 15
Statistiche sulle risposte
con Immagini Risposta % Corretto
Stati Uniti
100%
Cina
95%
Regno Unito
94%
Egitto
92%
Irlanda
92%
Canada
86%
Malta
79%
Etiopia
73%
Cile
64%
Brasile
60%
Marocco
44%
Pakistan
38%
Serbia
34%
Bahrain
32%
Eswatini
23%
Nessun quiz corrispondente trovato
Distribuzione punteggi
Percentuale di utenti per punteggio
Percentile per numero di risposta
I tuoi punteggi nel tempo
Non hai fatto questo quiz